ბათუმის შოთა რუსთაველის სახელმწიფო უნივერსიტეტის ბიბლიოთეკა

ქართველი ლირიკოსები : I(1900-1950)= Georgian lyric poets : (ბიბ.ჩანაწერი № 54890)

000 -ლიდერი
ფიქსირებული სიგრძის საკონტროლო ველი 01201nam a2200265Ia 4500
001 - საკონტროლო ნომერი
საკონტროლო ველი 21959
003 - საკონტროლო ნომრის იდენტიფიკატორი
საკონტროლო ველი GE_BSU
005 - ბოლო ოპერაციის თარიღი და დრო
საკონტროლო ველი 20220913131110.0
008 - ფიქსირებული სიგრძის მონაცემთა ელემენტები - ზოგადი ინფორმაცია
ფიქსირებული სიგრძის საკონტროლო ველი 181216s ||||ge |||||||||||||| ||geo||
020 ## - წიგნის საერთაშორისო სტანდარტული ნომერი
International Standard Book Number 978-9941-13-112-7
040 ## - კატალოგიზაციის წყარო
Transcribing agency GE_BSU
041 ## - ენის კოდი
Language code of text/sound track or separate title geo
080 ## - უნივერსალური ათობითი კლასიფიკაციის ინდექსი
Universal Decimal Classification number 821.353.1.09-1 პ-14
100 ## - მთავარი ჩანაწერი - პიროვნების სახელი
Personal name პაიჭაძე, თამარ
9 (RLIN) 5669
245 ## - ცნობა სათაურის შესახებ
Title ქართველი ლირიკოსები : I(1900-1950)= Georgian lyric poets :
Remainder of title მონოგრაფია /
Statement of responsibility, etc თამარ პაიჭაძე ; რედ. ბელა წიფურია,
264 ## - წარმოების, გამოცემის, დისტრიბუციის და სხვა ცნობები
გამოცემის, წარმოების, დისტრიბუციის... ადგილი თბილისი :
გამოცემის, წარმოების, დისტრიბუციის... სახელწოდება თბილ. უნ-ტის გამ-ბა,
გამოცემის, წარმოების, დისტრიბუციის... თარიღი 200.
300 ## - ფიზიკური აღწერა
Extent 287გვ. ;
Dimensions 20 სმ.
504 ## - BIBLIOGRAPHY, ETC. NOTE
Bibliography, etc ბიბლიოგრაფია გვ. : 282-287
653 ## - INDEX TERM--UNCONTROLLED
Uncontrolled term ქართველი ლირიკოსები = Georgian lyric poets
653 ## - INDEX TERM--UNCONTROLLED
Uncontrolled term ქართული ლიტერატურა
653 ## - INDEX TERM--UNCONTROLLED
Uncontrolled term ქართული პოეზიის ისტორია და კრიტიკა
700 ## - ADDED ENTRY--PERSONAL NAME
Personal name წიფურია, ბელა
Relator term რედაქტორი
9 (RLIN) 2692
942 ## - ADDED ENTRY ELEMENTS (KOHA)
Koha item type წიგნი
Source of classification or shelving scheme
ეგზემპლარები
ჩამოწერის სტატუსი დაკარგული ეგზემპლარის სტატუსი კლასიფიკაციის წყარო ან თაროზე გაწყობის სქემა დაზიანების სტატუსი არ გაიცემა მუდმივი მდებარეობა (დაცვის ადგილი) ამჟამინდელი ადგილსამყოფელი თაროზე განთავსების ადგილი შეძენის თარიღი ღირებულება, შესყიდვის ნორმალური ფასი სრული შენახვის შიფრი შტრიხკოდი ბოლო ოპერაციის თარიღი ეგზემპლარის მიმდევრობითი ნომერი (კეტერი?) ფასის ძალაში შესვლის თარიღი ეგზემპლარის სახეობა საჯარო შენიშვნა
          ბათუმის შოთა რუსთაველის სახელმწიფო უნივერსიტეტის მთავარი ბიბლიოთეკა ბათუმის შოთა რუსთაველის სახელმწიფო უნივერსიტეტის მთავარი ბიბლიოთეკა წიგნსაცავი 2018-12-17 10.00 821.353.1.09-1 პ-14 56685 2018-12-17 56685 2018-12-17 წიგნი 10.00₾.